| Tag |
First Indicator |
Second Indicator |
Subfields |
| LEADER |
00000cam a2200000 4500 |
| 001 |
in00000230010 |
| 005 |
20151009082128.0 |
| 008 |
710520s1971 caua 00010 eng |
| 010 |
|
|
|a 72126524
|
| 020 |
|
|
|a 0716704412
|c $4.75
|
| 035 |
|
|
|a (OCoLC)00138112
|
| 035 |
|
|
|9 AAZ7674AM
|
| 040 |
|
|
|a DLC
|c DLC
|d TXA
|d UtOrBLW
|
| 049 |
|
|
|a TXAM
|c [1144291]
|
| 050 |
0 |
0 |
|a HB74.M3
|b B394
|
| 082 |
0 |
|
|a 001.6/424
|
| 100 |
1 |
|
|a Benz, C. William
|q (Carl William)
|
| 245 |
1 |
0 |
|a Passion :
|b Program for algebraic sequences specifically of input-output nature /
|c [by] C. William Benz. With a foreword by Wassily Leontief.
|
| 264 |
|
1 |
|a San Francisco :
|b Freeman,
|c [1971]
|
| 300 |
|
|
|a viii, 92 pages :
|b illustrations ;
|c 26 cm.
|
| 336 |
|
|
|a text
|b txt
|2 rdacontent
|
| 337 |
|
|
|a unmediated
|b n
|2 rdamedia
|
| 338 |
|
|
|a volume
|b nc
|2 rdacarrier
|
| 630 |
0 |
0 |
|a PASSION (Computer file)
|
| 999 |
|
|
|a MARS
|
| 999 |
f |
f |
|s 4d5965e1-d4ed-36b7-b0bb-37a203caee8d
|i 6bfa6b19-3d64-335b-8c2d-7de56c97edee
|t 0
|
| 952 |
f |
f |
|p ric
|a Texas A&M University
|b Rellis Campus
|c Joint Library Facility
|d Remote Storage
|t 0
|e HB74.M3 B394
|h Library of Congress classification
|i unmediated -- volume
|m A14802526457
|
| 998 |
f |
f |
|a HB74.M3 B394
|t 0
|l Remote Storage
|